[Event "Challenge"]
[Site "http://www.queenalice.com/game.php?id=124035"]
[Date "2006.10.31"]
[Round "-"]
[White "lobo"]
[Black "MrThePlague"]
[Result "1-0"]
[WhiteElo "1690"]
[BlackElo "1645"]

1. e4 d5 2. e5 c5 3. f4 Nc6 4. Bb5 Bd7 5. d3 Qa5+ 6. Nc3 d4 7. b4 Qxb4 8. Rb1
Qxc3+ 9. Bd2 Qa3 10. Bxc6 Bxc6 11. Nf3 e6 12. O-O Qxa2 13. Ng5 Qd5 14. Rf2 f6
15. exf6 Nxf6 16. Qe2 Bd7 17. f5 e5 18. Bf4 Bd6 19. Nf3 Ng4 20. Rff1 1-0

[Event "Challenge"]
[Site "http://www.queenalice.com/game.php?id=124069"]
[Date "2006.11.1"]
[Round "-"]
[White "marlon2006"]
[Black "MrThePlague"]
[Result "0-1"]
[WhiteElo "1585"]
[BlackElo "1722"]

1. e4 d5 2. exd5 Qxd5 3. Nc3 Qa5 4. Nf3 Nf6 5. d3 Nc6 6. Be2 e6 7. O-O Bd6 8.
Ne4 Nxe4 9. dxe4 Qh5 10. h3 Qa5 11. c3 O-O 12. Qc2 Ne5 13. a3 Nxf3+ 14. Bxf3 Qe5
15. g3 Qf6 16. Kg2 e5 17. Be3 Rd8 18. Rad1 Qe6 19. Bg4 Qg6 20. Bxc8 Rdxc8 21. b4
b6 22. Kh2 Re8 23. h4 Rad8 24. f3 Rf8 25. Bg5 f6 26. Qb3+ Kh8 0-1

[Event "Challenge"]
[Site "http://www.queenalice.com/game.php?id=124104"]
[Date "2006.11.1"]
[Round "-"]
[White "MrThePlague"]
[Black "zerocool0"]
[Result "1-0"]
[WhiteElo "1699"]
[BlackElo "1534"]

1. g4 d5 2. Bg2 c6 3. g5 h6 4. h4 hxg5 5. hxg5 Rxh1 6. Bxh1 Bf5 7. d3 Qd6 8. Nf3
Bg4 9. c4 Bxf3 10. Bxf3 Qh2 11. Kf1 Nd7 12. d4 Qh3+ 13. Bg2 Qh2 14. cxd5 cxd5
15. Qc2 Nb6 16. Nc3 e6 17. Be3 Nc4 18. Nxd5 exd5 19. Qa4+ Kd8 20. Qb5 Nd6 21.
Qxd5 Kc8 22. Rc1+ Kd8 23. Bd2 Rc8 24. Ba5+ b6 25. Rxc8+ Kxc8 26. Qa8+ Kd7 27.
Qxf8 Qh7 28. Bb4 Qb1+ 29. Be1 Ne7 30. Bh3+ Ndf5 31. Qxf7 Kd8 32. b3 Nxd4 33.
Qf8+ Kc7 34. Qf4+ Kc6 35. Qxd4 Qxa2 36. Bb4 Nd5 37. Qc4+ 1-0

[Event "Challenge"]
[Site "http://www.queenalice.com/game.php?id=124461"]
[Date "2006.11.2"]
[Round "-"]
[White "MrThePlague"]
[Black "prmntgen"]
[Result "0-1"]
[WhiteElo "1736"]
[BlackElo "1661"]

1. e4 e5 2. f4 exf4 3. Nf3 Be7 4. g3 fxg3 5. hxg3 Nf6 6. Nc3 d6 7. d4 b6 8. Bf4
Bb7 9. Qe2 Nbd7 10. O-O-O c5 11. dxc5 bxc5 12. Bxd6 Bxd6 13. e5 Bxf3 14. Qxf3
Bxe5 15. Bg2 Rb8 16. Rhe1 Qb6 17. b3 O-O 18. Rh1 Bxc3 19. Qxc3 Qb4 20. Qe3 Qa3+
21. Kb1 Nb6 22. Qd3 Na4 0-1

[Event "Challenge"]
[Site "http://www.queenalice.com/game.php?id=1215334"]
[Date "2013.9.8"]
[Round "-"]
[White "MrThePlague"]
[Black "Wolle"]
[Result "1-0"]
[WhiteElo "1620"]
[BlackElo "1504"]

1. e4 e5 2. f4 Nc6 3. Bc4 g6 4. Nf3 Bg7 5. Nc3 d6 6. O-O Be6 7. Bxe6 fxe6 8. d3
exf4 9. Bxf4 Qf6 10. Qd2 O-O-O 11. Bg5 Bh6 12. Bxf6 Bxd2 13. Bxd8 Nxd8 14. Nxd2
Nh6 15. h3 Ndf7 16. Rf2 Kd8 17. Raf1 Ke7 18. Nb5 c6 19. Nc3 Rf8 20. Nf3 d5 21.
exd5 cxd5 22. d4 Nd6 23. g4 Ne4 24. Nxe4 dxe4 25. Ne5 e3 26. Rxf8 e2 27. R1f7+
Nxf7 28. Rxf7+ Kd6 29. Rd7# 1-0

[Event "Challenge"]
[Site "http://www.queenalice.com/game.php?id=1215335"]
[Date "2013.9.8"]
[Round "-"]
[White "MrThePlague"]
[Black "MarKo85"]
[Result "1-0"]
[WhiteElo "1553"]
[BlackElo "1589"]

1. e4 e5 2. f4 Nc6 3. Nf3 d6 4. Bc4 Nf6 5. Nc3 g6 6. Ng5 d5 7. Nxf7 Qe7 8. O-O
dxc4 9. Nxh8 exf4 10. d4 Bg4 11. Qd2 Nxe4 12. Qxf4 1-0

[Event "Challenge"]
[Site "http://www.queenalice.com/game.php?id=1215336"]
[Date "2013.9.8"]
[Round "-"]
[White "MrThePlague"]
[Black "thierry901"]
[Result "1-0"]
[WhiteElo "1607"]
[BlackElo "1526"]

1. e4 e5 2. f4 Nc6 3. Nf3 Nf6 4. Nc3 Be7 5. Bc4 d6 6. O-O exf4 7. d4 Bg4 8. Bxf4
Nxd4 9. Qxd4 c5 10. Bb5+ Kf8 11. Qd2 Bxf3 12. Rxf3 Qb6 13. Bc4 Rd8 14. Nd5 Nxd5
15. Qxd5 Ke8 16. Qxf7+ Kd7 17. Be6+ Kc6 18. Qxe7 Rhe8 19. Bd5+ Kb5 20. Rb3+ Ka5
21. Ra3+ Kb5 22. c4+ Kb4 23. Bd2# 1-0

[Event "Challenge"]
[Site "http://www.queenalice.com/game.php?id=1215477"]
[Date "2013.9.9"]
[Round "-"]
[White "MrThePlague"]
[Black "zmanomega"]
[Result "1-0"]
[WhiteElo "1582"]
[BlackElo "1496"]

1. e4 Nc6 2. d4 e6 3. Nf3 Nf6 4. Nc3 Bb4 5. Bd3 Bxc3+ 6. bxc3 Qe7 7. O-O h5 8.
d5 Na5 9. Bg5 Qd6 10. e5 Qxd5 11. exf6 g6 12. Qe2 a6 13. Rfd1 d6 14. Bxg6 Qc5
15. Qd3 Bd7 16. Re1 Rf8 17. Bh6 Rh8 18. Bg7 Rg8 19. Bxf7+ Kxf7 20. Qh7 Nc6 21.
Bh6+ Kxf6 22. Qxd7 e5 23. Nh4 Ne7 24. Re3 Rad8 25. Rf3+ Nf5 26. Rxf5# 1-0

[Event "Challenge"]
[Site "http://www.queenalice.com/game.php?id=1215478"]
[Date "2013.9.9"]
[Round "-"]
[White "MrThePlague"]
[Black "Rider"]
[Result "1-0"]
[WhiteElo "1595"]
[BlackElo "1494"]

1. e4 e5 2. f4 Qe7 3. Nf3 f6 4. Nc3 exf4 5. d4 g5 6. Bc4 Nh6 7. O-O Qb4 8. Qd3
c6 9. a3 Qd6 10. Re1 Be7 11. e5 fxe5 12. Rxe5 c5 13. Nd5 Nc6 14. Re2 O-O 15.
Nf6+ Kg7 16. Qxh7+ Kxf6 17. Qxh6+ Kf5 18. Bd3+ Kg4 19. Qh3# 1-0

[Event "Challenge"]
[Site "http://www.queenalice.com/game.php?id=1215480"]
[Date "2013.9.9"]
[Round "-"]
[White "MrThePlague"]
[Black "marreta7"]
[Result "1-0"]
[WhiteElo "1570"]
[BlackElo "1479"]

1. e4 e5 2. f4 exf4 3. Nf3 a6 4. d4 Nc6 5. Bc4 g5 6. O-O h6 7. Nc3 Bb4 8. d5 Na7
9. e5 Bxc3 10. bxc3 d6 11. exd6 Qxd6 12. Re1+ Ne7 13. Qd4 Rg8 14. a4 Bg4 15. Ba3
Qd8 16. Rxe7+ Qxe7 17. Bxe7 Kxe7 18. d6+ cxd6 19. Re1+ Be6 20. Qe4 Nc6 21. Bxe6
fxe6 22. Qxe6+ Kf8 23. Qf6# 1-0